Pibe, chavo y chaval / (Registro nro. 12044)

Detalles MARC
000 -LIDER
fixed length control field 00842nam a22002777a 4500
001 - NÚMERO DE CONTROL
Identificador de número de control 000729
003 - IDENTIFICACDOR DE NÚMERO DE CONTROL
control field DO-SdBNP
005 - DATE AND TIME OF LATEST TRANSACTION
control field 20180213090837.0
007 - CAMPOS FIJOS DE DESCRIPCIÓN FÍSICA
fixed length control field 000729
008 - ELEMENTOS DE LONGITUD FIJA
fixed length control field 161123b 2003 mx a ||||| |||| 00| 0 spa d
020 ## - ISBN
International Standard Book Number 9706883541
040 ## - FUENTE DE CATALOGACIÓN
Agencia que crea de manera original el registro BPMSU
Idioma de catalogación spa
Agencia que realiza la transcripción BPMSU
082 ## - NÚMERO DE CLASIFICACIÓN DECIMAL DE DEWEY
Classification number xxxx
Item number xxxx
100 1# - ASIENTO PRINCIPAL -- NOMBRE PERSONAL
Nombre personal Anza, Ana Luisa
245 10 - MENCIÓN DE TITULO
Título Pibe, chavo y chaval /
Mención de responsabilidad Ana Luisa Anza ; ilustraciones, Juan Gedovius.
260 ## - PUBLICACIÓN, DISTRIBUCIÓN, ETC. (PIE DE IMPRENTA)
Lugar de publicación, distribución, etc México, D. F. :
Nombre del editor, distribuidor, etc. SM,
Fecha de publicación, distribución, etc 2003.
300 ## - DESCRIPCIÓN FÍSICA
Extensión 89 p. :
Otros detalles físicos il. ;
Dimensiones 19 cm.
490 1# - MENCIÓN DE SERIES
Mención de serie Barco de vapor. Serie naranja
Volume/sequential designation 17
500 ## - NOTA GENERAL
Nota general "A partir de 9 años"
500 ## - NOTA GENERAL
Nota general Incluye datos de la autora
700 12 - ASIENTO SECUNDARIO -- NOMBRE PERSONAL
Nombre personal Gedovius, Juan,
Mención de responsabilidad il.
830 #0 - ASIENTO SECUNDARIO DE SERIE--TÍTULO UNIFORME
Título uniforme Barco de vapor. Serie naranja ;
Volume number/sequential designation 17
942 ## - ADDED ENTRY ELEMENTS (KOHA)
Source of classification or shelving scheme Dewey Decimal Classification
Koha item type Libros
945 ## - INFORMACIÓN DE PROCESAMIENTO LOCAL
Información de procesamiento local Inventariado, 2018 / BT
956 ## - LOCAL ELECTRONIC LOCATION AND ACCESS (OCLC)
Método de acceso LOPEREZ
Materiales especificados 10
Enlace 20161123
Campo enlazado y núm. de secuencia BPMSU
Nombre de host 00041
Existencias
Withdrawn status Lost status Source of classification or shelving scheme Damaged status Not for loan Collection code Home library Current library Date acquired Source of acquisition Total Checkouts Full call number Barcode Date last seen Price effective from Koha item type
    Dewey Decimal Classification     Colección Infantil General Biblioteca Pública Metropolitana Salomé Ureña Biblioteca Pública Metropolitana Salomé Ureña 11/23/2016 FUNDI   xxxx xxxx BPMSU16111496 11/23/2016 11/23/2016 Libros